Lo sagrado del mundo arcaico a la modernidad
Furkejuvvon:
| Váldodahkki: | |
|---|---|
| Materiálatiipa: | Girji |
| Giella: | espánnjágiella |
| Almmustuhtton: |
Barcelona
Península
1998
|
| Ráidu: | Historia, Ciencia, Sociedad, 277
|
| Fáttát: | |
| Fáddágilkorat: |
Lasit fáddágilkoriid
Eai fáddágilkorat, Lasit vuosttaš fáddágilkora!
|
MARC
| LEADER | 00000nam a2200000 a 4500 | ||
|---|---|---|---|
| 001 | UCO8321 | ||
| 003 | CL-VaPUC | ||
| 008 | 001201e19980000SP |||||||||||||||||spa|d | ||
| 082 | 0 | 4 | |a 306.6 |b PRA |2 21 |
| 100 | 0 | |a Prades, José A |e author |9 453204 | |
| 245 | 1 | 3 | |a Lo sagrado del mundo arcaico a la modernidad |
| 300 | |a 332 p | ||
| 942 | |c BK | ||
| 945 | |d 20001201 00:00:00 |a rbrito | ||
| 260 | |a Barcelona |b Península |c 1998 | ||
| 650 | 0 | |a Sociología de la religión |9 337481 | |
| 650 | 0 | |a Religión |9 255164 | |
| 650 | 7 | |a CONFLICTO RELIGIOSO |2 CL-VaPUC |9 337528 | |
| 583 | |a last modification |c 20001201 00:00:00 |k Rodrigo Vera | ||
| 490 | 0 | |a Historia, Ciencia, Sociedad, 277 | |
| 999 | |c 293013 |d 293011 | ||
| 952 | |0 0 |1 0 |4 0 |6 306_600000000000000_PRA_1998 |7 0 |8 A |9 344112 |a BIBHIS |b BIBHIS |d 2019-11-20 |i 3653544 |o 306.6 PRA 1998 |p 3653544 |r 2025-01-20 |w 2019-11-20 |y BK |k HIS | ||